Paragon Mortgages buy-to-let index (Record no. 106965)

MARC details
000 -LEADER
fixed length control field 02119cam a2200241 4500
001 - CONTROL NUMBER
control field L137989
008 - FIXED-LENGTH DATA ELEMENTS--GENERAL INFORMATION
fixed length control field 070221n2007 000 0 eng u
035 ## - SYSTEM CONTROL NUMBER
System control number (Sirsi) u137989
041 0# - LANGUAGE CODE
Language code of text/sound track or separate title eng
050 04 - LIBRARY OF CONGRESS CALL NUMBER
Classification number 332.6324 $2 18
110 2# - MAIN ENTRY--CORPORATE NAME
Corporate name or jurisdiction name as entry element Paragon Mortgages
9 (RLIN) 4976
245 00 - TITLE STATEMENT
Title Paragon Mortgages buy-to-let index
Remainder of title April 2007
Medium [electronic resource]
260 ## - PUBLICATION, DISTRIBUTION, ETC.
Place of publication, distribution, etc. Solihull
Name of publisher, distributor, etc. Paragon Mortgages
Date of publication, distribution, etc. 2007
490 #0 - SERIES STATEMENT
Series statement Paragon Mortgages Buy-to-Let Index
Volume/sequential designation April 2007
505 2# - FORMATTED CONTENTS NOTE
Formatted contents note Highlights -- Averages -- Rental yield average for England and Wales -- Property value and rental income average for England and Wales -- Landlord property value, rental value, yield and percentage change by region -- Landlord property yields by region -- Landlord property values by region -- Landlord rental incomes by region -- Landlord property value, rental value, yield and percentage change by property type.
520 ## - SUMMARY, ETC.
Summary, etc. Total returns hit their highest level in five months, falling just short of 13%. Regions with the highest total returns are East Anglia (29%), Wales (25.6%) and the North (23.9%). Rental incomes achieved an 8.2% increase over the last quarter and a 1.6% rise over the last month. The highest rental incomes are achieved in London (£17 258), the South West (£12 016) and the South East (£11 365). Property values rose to £171 803 in March, from £169 167 in February: a monthly increase of 1.6%, and a quarterly rise of 5.5%. Regions achieving the highest property values in March were Greater London (£302 327), South East (£196 210) and South West (£188 931). Yields remained steady in March, staying at 6.1% for the second month running. The top performing regions in terms of yields were Wales (7.1%), Yorkshire (6.6%), North West (6.5%) and West Midlands (6.5%).
590 ## - LOCAL NOTE (RLIN)
Local note KA
650 24 - SUBJECT ADDED ENTRY--TOPICAL TERM
Topical term or geographic name entry element PARAGON MORTGAGES BUY-TO-LET INDEX
651 #4 - SUBJECT ADDED ENTRY--GEOGRAPHIC NAME
Geographic name England and Wales
Chronological subdivision 1543-
690 ## - LOCAL SUBJECT ADDED ENTRY--TOPICAL TERM (OCLC, RLIN)
Topical term or geographic name as entry element PROPERTY-RESIDENTIAL PROPERTY-RESIDENTIAL PROPERTY MARKET
856 40 - ELECTRONIC LOCATION AND ACCESS
Uniform Resource Identifier <a href="https://www.paragon-mortgages.co.uk/mortgagehome.nsf/BTLIndex">https://www.paragon-mortgages.co.uk/mortgagehome.nsf/BTLIndex</a>
Public note View the index free of charge at www.paragon-mortages.co.uk...
942 ## - ADDED ENTRY ELEMENTS (KOHA)
Suppress in OPAC 0
Holdings
Withdrawn status Lost status Source of classification or shelving scheme Damaged status Not for loan Home library Current library Shelving location Date acquired Total Checkouts Full call number Barcode Date last seen Copy number Price effective from Koha item type
    Dewey Decimal Classification     Virtual Virtual Online 10/05/2007   ONLINE PUBLICATION 137989-2001 06/08/2019 1 06/08/2019 Book